| 000 | 00663nam a2200205Ia 4500 | ||
|---|---|---|---|
| 008 | 151119s9999||||xx |||||||||||||| ||und|| | ||
| 082 | _a920ओक/हेजीव | ||
| 082 | _bGKKV33927 | ||
| 100 | _aओक चारुशीला | ||
| 245 | _aहे जीवन सुंदर झाले | ||
| 260 | _aपुणे | ||
| 260 | _bपायल प्रकाशन | ||
| 260 | _c2014 | ||
| 300 | _a304p. | ||
| 600 | _aओक चारुशीला | ||
| 630 | _aहे जीवन सुंदर झाले | ||
| 700 | _aओक चारुशीला | ||
| 730 | _aहे जीवन सुंदर झाले | ||
| 942 | _cBOOK | ||
| 999 |
_c1086220 _d1086217 |
||